000 01153nam a2200349Ia 4500
001 dia_1840
003 CHAP
005 20230314121731.0
008 220117s[19- xx 000 0 und d
010 _a172377
040 _cCHAP
082 _a658.8 S36 [19--?]
100 _aScott, J. T.
_9103386
245 _aEl modelo de transporte /
_c J. T. Scott, Randall Hoffmann y L. Bassoco de Gómez
260 _aMéxico :
_b Escuela Nacional de Agricultura, Centro de Economía Agrícola,
_c[19-
300 _a36 h.
410 _aCOLECCIÓN INGENIERÍA DE SUELOS, 7
503 _aD.
590 _aHE151 S36 [19??]
650 _aGestión de la producción
_9151671
650 _aLogística
_9151672
650 _aLogistics
_9151673
650 _aProduction management
_9151674
650 _aTransportation
_xManagement
_9151675
650 _aTransporte
_xAdministración
_9151676
700 _aBassoco de Gómez, L., coaut.
_9151677
700 _aHoffmann, Randall, coaut.
_9151678
901 _a658.8 S36 [19--?]
902 _aM
905 _a523227[19--?] mx n 8223223322spa16
942 _cLIBRO
_2ddc
999 _c172377
_d172377